Detalles MARC
| 000 -LEADER |
| campo de control de longitud fija |
02310ncm a2200361 i 4500 |
| 001 - NÚMERO DE CONTROL |
| campo de control |
192776 |
| 003 - IDENTIFICADOR DE NÚMERO DE CONTROL |
| campo de control |
SpMaBN |
| 005 - FECHA Y HORA DE LA ÚLTIMA TRANSACCIÓN |
| campo de control |
20250824011404.0 |
| 007 - CAMPO FIJO DE DESCRIPCIÓN FÍSICA--INFORMACIÓN GENERAL |
| campo de control de longitud fija |
qu |
| 008 - DATOS DE LONGITUD FIJA--INFORMACIÓN GENERAL |
| campo de control de longitud fija |
230522q2021 sp zad n spa |
| 017 ## - NÚMERO DE COPYRIGHT O DE DEPÓSITO LEGAL |
| Número de copyright o de depósito legal |
CO 483-2021 |
| Agencia que asigna |
Oficina Depósito Legal Córdoba |
| 020 ## - NÚMERO INTERNACIONAL ESTÁNDAR DEL LIBRO |
| Número Internacional Estándar del Libro |
9798782076603 |
| 040 ## - FUENTE DE CATALOGACIÓN |
| Centro catalogador/agencia de origen |
SpMaBN |
| Lengua de catalogación |
spa |
| Centro/agencia transcriptor |
ES-MaACL |
| Normas de descripción |
rda |
| 100 1# - ENTRADA PRINCIPAL--NOMBRE DE PERSONA |
| Nombre de persona |
Horcas Gálvez, Fernando |
| Término indicativo de función/relación |
Autor |
| 9 (RLIN) |
193640 |
| 245 10 - MENCIÓN DEL TÍTULO |
| Título |
Cipriano Martínez Rücker desconocido / |
| Mención de responsabilidad, etc. |
Fernando Horcas Gálvez |
| 250 ## - MENCION DE EDICION |
| Mención de edición |
2ª edición ampliada de "Descrubrir a C.M.R." |
| 264 #1 - PRODUCCIÓN, PUBLICACIÓN, DISTRIBUCIÓN, FABRICACIÓN Y COPYRIGHT |
| Producción, publicación, distribución, fabricación y copyright |
[Córdoba] : |
| Nombre del de productor, editor, distribuidor, fabricante |
Asociación Cordobeses por el Mundo, |
| Fecha de producción, publicación, distribución, fabricación o copyright |
[2021] |
| 300 ## - DESCRIPCIÓN FÍSICA |
| Extensión |
417 páginas : |
| Otras características físicas |
música ; |
| Dimensiones |
30 cm |
| 336 ## - TIPO DE CONTENIDO |
| Término de tipo de contenido |
Música notada |
| Fuente |
rdacontent |
| 337 ## - TIPO DE MEDIO |
| Nombre/término del tipo de medio |
sin mediación |
| Fuente |
rdamedia |
| 338 ## - TIPO DE SOPORTE |
| Nombre/término del tipo de soporte |
volumen |
| Fuente |
rdacarrier |
| 348 ## - Formato de la música notada |
| Término del formato de la música notada |
partitura vocal |
| 382 01 - MEDIO DE INTERPRETACIÓN |
| Medio de interpretación |
voz |
| -- |
piano |
| Fuente del término |
tmibne |
| 500 ## - NOTA GENERAL |
| Nota general |
Índice |
| 520 ## - RESUMEN, ETC. |
| Sumario, etc. |
"Del ilustre músico cordobés Cipriano Martínez Rücker se han editado muchas de sus partituras. Otras se conocen más o menos. Pero en el archivo del Centro Filarmónico de Córdoba Eduardo Lucena” tenemos otras que se daban por perdidas y otras más de las que no se sabía ni su existencia. Aquí las traemos tratando de explicar lo inexplicable. Las fechas y el lugar en que el músico las componía son pistas muy valiosas. Se añaden ambientaciones imaginarias de algunas de ellas y de la vida del hombre trabajador incansable y tímido, que tanto hizo por la música y por la cultura de su Córdoba natal, y por el Conservatorio que fundó y dirigió. En 2022 hace 100 años que el Estado reconoció oficialmente las enseñanzas de ese Conservatorio de Córdoba. Ojalá que esta publicación contribuya a rescatar el aprecio que se merece. Al mismo tiempo hemos querido dibujar su carácter, su bondad, su laboriosidad, su romanticismo. Pero esto no termina aquí. Se deja una puerta abierta a nuevos descubrimientos y a nuevos datos de interés que tú, lector o músico, puedas aportar" |
| 600 14 - PUNTO DE ACCESO ADICIONAL DE MATERIA--NOMBRE DE PERSONA |
| 9 (RLIN) |
193636 |
| Nombre de persona |
Martínez Rücker, Cipriano, |
| Fechas asociadas al nombre |
1861-1924 |
| 655 #0 - TERMINO DE INDIZACIÓN--GENERO/FORMA |
| Datos o término principal de género/forma |
Zarzuelas |
| 9 (RLIN) |
193637 |
| 655 #0 - TERMINO DE INDIZACIÓN--GENERO/FORMA |
| Datos o término principal de género/forma |
Partituras vocales |
| 9 (RLIN) |
193638 |
| 852 ## - LOCALIZACIÓN |
| Ubicación |
ES-MaACL |
| Sublocalización o colección |
R. 153289 |
| Ubicación en estantería |
Depósito J |
| Donativo/Legado |
Donación: Editorial |
| Número de control de estantería |
N-8369 |
| 942 ## - ELEMENTOS DE ENTRADA SECUNDARIOS (KOHA) |
| Fuente del sistema de clasificación o colocación |
Clasificación decimal universal |
| Tipo de ítem Koha |
Partitura |
| Suprimir en OPAC |
No |